La cooperación intelectual: alternativa de resistencia pacífica de la intelectualidad latinoamericana y cubana entre 1919 y 1945 /
En el artículo se examina la estrategia de cooperación intelectual como una forma de resistencia pacífica adoptada por la intelectualidad latinoamericana y cubana durante el periodo de 1919 a 1945. El estudio analiza cómo los intelectuales de la región buscaron crear redes de colaboración y promover...
Salvato in:
| Autore principale: | |
|---|---|
| Altri autori: | |
| Natura: | Libro |
| Lingua: | Spanish |
| Soggetti: | |
| Tags: |
Aggiungi Tag
Nessun Tag, puoi essere il primo ad aggiungerne!!
|
MARC
| LEADER | 00000nam a22000007a 4500 | ||
|---|---|---|---|
| 003 | cru IIS | ||
| 005 | 20230926141402.0 | ||
| 008 | 220726b2020 cr |||p|r|||| 00| 0 spa d | ||
| 040 | |c cru IIS | ||
| 100 | 1 | |9 8561 |a Sarmiento Blanco, Paul |e Autor | |
| 245 | 1 | 3 | |a La cooperación intelectual: |b alternativa de resistencia pacífica de la intelectualidad latinoamericana y cubana entre 1919 y 1945 / |c Paul Sarmiento Blanco, Leidiedis Góngora Cruz |
| 300 | |a páginas 67-82 | ||
| 520 | |a En el artículo se examina la estrategia de cooperación intelectual como una forma de resistencia pacífica adoptada por la intelectualidad latinoamericana y cubana durante el periodo de 1919 a 1945. El estudio analiza cómo los intelectuales de la región buscaron crear redes de colaboración y promover el intercambio cultural y académico como respuesta a los desafíos políticos y sociales de la época. Esta cooperación intelectual se considera una alternativa a la resistencia más tradicional y violenta, y se exploran los impactos que tuvo en la configuración de las identidades culturales y políticas de la región. El artículo resalta la relevancia de esta estrategia en un contexto de cambios políticos y culturales en América Latina y Cuba.RAR | ||
| 650 | 0 | |2 OCDE |9 4465 |a IDENTIDAD CULTURAL | |
| 650 | 4 | |2 UNESCO |9 2645 |a COOPERACION INTERNACIONAL | |
| 650 | 0 | |2 UNESCO |9 4619 |a IDENTIDAD NACIONAL | |
| 700 | 1 | |9 8562 |a Góngora Cruz, Leidiedis |4 Autora | |
| 773 | 0 | |0 18728 |9 7619 |a Universidad de Costa Rica. |d San José, Costa Rica Editorial UCR 1959- |o 23631 |t Revista de Ciencias Sociales/ |x 04825276 | |
| 942 | |2 ddc |c PP | ||
| 999 | |c 44429 |d 44429 | ||
| 773 | 0 | |0 18728 |9 7621 |a Universidad de Costa Rica. |d San José, Costa Rica Editorial UCR 1959- |o 23632 |t Revista de Ciencias Sociales/ |x 04825276 | |
